Fundamentals of Electrical Engineering and Electronics in SI System of Units (Record no. 9625)

MARC details
000 -LEADER
fixed length control field 00583nam a22002057a 4500
003 - CONTROL NUMBER IDENTIFIER
control field OSt
005 - DATE AND TIME OF LATEST TRANSACTION
control field 20260408142714.0
008 - FIXED-LENGTH DATA ELEMENTS--GENERAL INFORMATION
fixed length control field 260408b |||||||| |||| 00| 0 eng d
020 ## - INTERNATIONAL STANDARD BOOK NUMBER
International Standard Book Number 9789355010599
040 ## - CATALOGING SOURCE
Transcribing agency DDC
082 ## - DEWEY DECIMAL CLASSIFICATION NUMBER
Classification number 621.3 THE 2022
100 ## - MAIN ENTRY--PERSONAL NAME
Personal name Theraja, B. L.
9 (RLIN) 12795
245 ## - TITLE STATEMENT
Title Fundamentals of Electrical Engineering and Electronics in SI System of Units
260 ## - PUBLICATION, DISTRIBUTION, ETC. (IMPRINT)
Place of publication, distribution, etc. New Delhi; S.Chand, 2022
300 ## - PHYSICAL DESCRIPTION
Extent xx,841p.; ill: 23.5cm
504 ## - BIBLIOGRAPHY, ETC. NOTE
Bibliography, etc Index included
650 ## - SUBJECT ADDED ENTRY--TOPICAL TERM
Topical term or geographic name as entry element Electrical Engineering
9 (RLIN) 8319
650 ## - SUBJECT ADDED ENTRY--TOPICAL TERM
Topical term or geographic name as entry element Electronics
9 (RLIN) 831
942 ## - ADDED ENTRY ELEMENTS (KOHA)
Source of classification or shelving scheme Dewey Decimal Classification
Koha item type Open Shelf
Holdings
Withdrawn status Lost status Source of classification or shelving scheme Damaged status Not for loan Home library Current library Date acquired Source of acquisition Inventory number Total Checkouts Full call number Barcode Date last seen Koha item type
    Dewey Decimal Classification     Main Kihumuro Campus Main Kihumuro Campus 08/04/2026 Purchase 26/42568   621.3 THE 2022 2026-0098 08/04/2026 Open Shelf
    Dewey Decimal Classification     Main Kihumuro Campus Main Kihumuro Campus 08/04/2026 Purchase 26/42529   621.3 THE 2022 2026-0099 08/04/2026 Open Shelf
    Dewey Decimal Classification     Main Kihumuro Campus Main Kihumuro Campus 08/04/2026 Purchase 26/42528   621.3 THE 2022 2026-0100 08/04/2026 Open Shelf